MÉK-székház
Elmentve itt :
| Dokumentumtípus: | Cikk |
|---|---|
| Megjelent: |
1968-06-20
|
| Sorozat: | Délmagyarország
58 No. 143 |
| Kulcsszavak: | Szövetkezetek Csongrád megyei értékesítő központja (MÉK), Termelőszövetkezet székházépítés 1968 |
| Online Access: | http://dmarchiv.bibl.u-szeged.hu/68702 |
| LEADER | 00480nab a2200145 i 4500 | ||
|---|---|---|---|
| 001 | delm68702 | ||
| 005 | 20180927153707.0 | ||
| 008 | 180927s1968 hu o 0|| hun d | ||
| 040 | |a SZTE Délmagyarország Archívum |b hun | ||
| 041 | |a hun | ||
| 245 | 0 | 0 | |a MÉK-székház |h [elektronikus dokumentum] |
| 260 | |c 1968-06-20 | ||
| 300 | |a 3 | ||
| 490 | 0 | |a Délmagyarország |v 58 No. 143 | |
| 695 | |a Szövetkezetek Csongrád megyei értékesítő központja (MÉK), Termelőszövetkezet székházépítés 1968 | ||